Представление документа в формате RUSMARC

ПолеНазваниеЗначение
  Тип записи a
  Библиографический уровень c
001 Контрольный номер RU/SLIB/B/208780455
005 Дата корректировки 20241216143859.0
010 Индекс ISBN __
d Цена 2-20
101 Язык документа 0_
a Язык текста rus
c Язык оригинала rus
200 Заглавие и сведения об ответственности 1_
a Заглавие Сочинения
e Сведения, относящиеся к заглавию в 3 т.
f Первые сведения об ответственности Г. Н. Троепольский
b Общее обозначение материала Текст
h Номер части Т. 3
i Наименование части Повести. Очерки. Пьесы.
210 Выходные данные 1_
a Место издания Воронеж
c Издательство Центр.-Чернозем. кн. изд-во
d Дата издания 1978
215 Физическое описание __
a Объем 495 с.
606 Тематические рубрики __
a Основная рубрика Художественная литература
y Географическая подрубрика Россия
606 Тематические рубрики __
a Основная рубрика Русская литература XX в. (произведения)
610 Ключевые слова 0_
a Ключевые слова писатели; прозаики; проза; повести; очерки; пьесы; драматургия
686 Индексы других классификаций __
a Классификационный индекс 84(2Рос=Рус)6-4
700 Автор _1
a Фамилия Троепольский
b Имя Г. Н.
4 Код отношения 070
801 Источник записи _0
a Страна RU
b Организация Муниципальное бюджетное учреждение культуры "Централизованная библиотечная система" г. Сургут (Центральная городская библиотека им. А. С. Пушкина)
g Правила каталогизации КиК/Елгина
801 Источник записи _1
a Страна RU
b Организация Муниципальное бюджетное учреждение культуры "Централизованная библиотечная система" г. Сургут (Центральная городская библиотека им. А. С. Пушкина)
g Правила каталогизации КиК/Елгина
852 Данные о местонахождении __
j Шифр хранения 84(2Рос=Рус)6-4
c Каталожный индекс 84(2Рос=Рус)6-4
i Авторский знак Т 70
p Инвентарный номер 143626(с)
901 Тип документа __
t Тип документа x
903 Характеристики (МАРС) __
a Дата передачи 20051213
969 Тип издания __
a Тип издания сборник
990 Данные о заказе (DOS) __
j Количество экземпляров (DOS) 1
t N записи в КСУ для И/У (DOS) ретро